000 00437nam a2200181Ia 4500
001 16053
005 20260306170241.0
008 260306t2015||||xx |||||||||||||| ||und||
041 _aESP
082 _a346.6
_bA156
100 _aAlpa, Guido
_eAUT
245 0 _aEl contrato en general:
_bprincipios y problemas
260 _c2015
300 _a543 páginas :
_c25 cm.
650 _aGEN
654 _aCDE
942 _cLIB
_dJUS
_fJUS
_2ddc
_n
999 _c16053
_d16053